St. Louis Cardinals 2012 Opening Day lineup - Statistics

General Stats
  • This quiz has been taken 491 times
    480 since last reset
  • The average score is 6 of 9
Answer Stats
Hint Answer % Correct
C Yadier Molina
98%
3B David Freese
81%
LF Matt Holliday
79%
CF Jon Jay
72%
SS Rafael Furcal
71%
1B Lance Berkman
67%
RF Carlos Beltran
65%
SP Kyle Lohse
48%
2B Daniel Descalso
45%
No matching quizzes found
Score Distribution
Percent of People with Each Score
Percentile by Number Answered
Your Score History
You have not taken this quiz since the last reset